Chân dung những người thành đạt
Giứoi thiệu một số chân dung những thanh niên thành đạt trong kinh doanh ở Việt nam và thế giới.
Salvato in:
| Natura: | Libro |
|---|---|
| Lingua: | Undetermined |
| Pubblicazione: |
Thành phố Hồ Chí Minh
Phương Đông
2006
|
| Soggetti: | |
| Tags: |
Aggiungi Tag
Nessun Tag, puoi essere il primo ad aggiungerne! !
|
| Thư viện lưu trữ: | Trung tâm Học liệu Trường Đại học Cần Thơ |
|---|
| LEADER | 00861nam a2200217Ia 4500 | ||
|---|---|---|---|
| 001 | CTU_106593 | ||
| 008 | 210402s9999 xx 000 0 und d | ||
| 020 | |c 38000 | ||
| 082 | |a 650.1 | ||
| 082 | |b Ch121 | ||
| 245 | 0 | |a Chân dung những người thành đạt | |
| 245 | 0 | |c Nguyễn Đình Nhơn (sưu tầm và biên soạn) | |
| 260 | |a Thành phố Hồ Chí Minh | ||
| 260 | |b Phương Đông | ||
| 260 | |c 2006 | ||
| 520 | |a Giứoi thiệu một số chân dung những thanh niên thành đạt trong kinh doanh ở Việt nam và thế giới. | ||
| 650 | |a Success in business,Success | ||
| 650 | |x Psychological aspects | ||
| 904 | |i Năm, Q. Hiếu (sửa) | ||
| 910 | |a Sửa mã hoá tên sách từ Nh464 thành Ch121 | ||
| 980 | |a Trung tâm Học liệu Trường Đại học Cần Thơ | ||